| 000 | 00679nam a2200229 a 4500 | ||
|---|---|---|---|
| 001 | BRCA_170 | ||
| 005 | 20190320202916.0 | ||
| 008 | 900406s1990 nyua---##b---#001-0#spa-# | ||
| 020 | _a081602474X | ||
| 041 | _aspa | ||
| 044 | _anyu | ||
| 050 | 4 |
_aD203 _b.C37 1990 |
|
| 100 | 1 |
_aCardini, Franco _9640 |
|
| 245 | 1 | 0 |
_aEuropa 1492 : retrato de un continente hace quinientos años _cFranco Cardini. |
| 260 |
_aNew York _bFacts on File _ec1989 |
||
| 300 |
_a236 p. _bil. (algunas a color) _c32 cm. |
||
| 500 | _aTraducido del italiano | ||
| 500 | _aIncluye índice onomástico | ||
| 504 | _aBibliografía : p. 232. | ||
| 650 | 1 | 4 |
_aHistoria _ySiglo XV _zEuropa _9641 |
| 942 |
_2lcc _cB |
||
| 999 |
_c146 _d146 |
||